[Event "La Fere op 7th"]
[Site "La Fere"]
[Date "2008.07.08"]
[Round "5"]
[White "Lecouteux, Guilhem"]
[Black "Belloc, Sidonie"]
[Result "1-0"]
[WhiteElo "2027"]
[BlackElo "1804"]
[PlyCount "43"]
[EventDate "2008.07.05"]
[EventType "swiss"]
[EventRounds "9"]
[EventCountry "FRA"]
[SourceTitle "CBM 125 Extra"]
[Source "ChessBase"]
[SourceDate "2008.09.01"]
[SourceVersion "1"]
[SourceVersionDate "2008.09.01"]
[SourceQuality "1"]

1. d4 d5 2. c4 c6 3. Nf3 Nf6 4. e3 e6 5. Bd3 Be7 6. b3 0-0 7. 0-0 b6 8. Bb2 Bb7 9. Qc2 h6 10. Nc3 c5 11. Ne5 dxc4 12. Bxc4 cxd4 13. Rad1 Qc7 14. exd4 Rd8 15. Rfe1 Nd5 16. Qe2 Nxc3 17. Bxc3 b5 18. Nxf7 bxc4 19. Nxd8 Bxd8 20. Qxe6+ Kh8 21. d5 Nd7 22. Qxh6+ 1-0

[Event "La Fere op 7th"]
[Site "La Fere"]
[Date "2008.07.05"]
[Round "1"]
[White "Afek, Yochanan"]
[Black "Lecouteux, Guilhem"]
[Result "1-0"]
[WhiteElo "2321"]
[BlackElo "2027"]
[PlyCount "91"]
[EventDate "2008.07.05"]
[EventType "swiss"]
[EventRounds "9"]
[EventCountry "FRA"]
[SourceTitle "CBM 125 Extra"]
[Source "ChessBase"]
[SourceDate "2008.09.01"]
[SourceVersion "1"]
[SourceVersionDate "2008.09.01"]
[SourceQuality "1"]

1. e4 c5 2. Nf3 Nc6 3. c3 d5 4. exd5 Qxd5 5. d4 Bg4 6. Be2 Nf6 7. h3 Bxf3 8. Bxf3 Qe6+ 9. Be3 Nd5 10. Qe2 g6 11. 0-0 Bg7 12. dxc5 Nxe3 13. Qxe3 Qxe3 14. fxe3 Bh6 15. Kf2 0-0-0 16. Bxc6 bxc6 17. Ke2 f5 18. Nd2 Rd5 19. b4 Rhd8 20. Nc4 Rd3 21. Rac1 R8d5 22. Rfd1 Rxd1 23. Rxd1 Bg7 24. Rd3 Kc7 25. Nd2 Re5 26. Nf3 Rd5 27. Rxd5 cxd5 28. Nd4 Bf6 29. a4 e5 30. Nb5+ Kb7 31. c4 dxc4 32. Nd6+ Kc6 33. Nxc4 Kd5 34. Na5 Bd8 35. Nb7 Bc7 36. b5 Kc4 37. e4 f4 38. Kf3 h5 39. b6 axb6 40. cxb6 Bxb6 41. a5 Ba7 42. Nd6+ Kc5 43. Nc8 Bb8 44. a6 g5 45. a7 Bxa7 46. Nxa7 1-0

[Event "FRA-chT2 West 0708"]
[Site "France"]
[Date "2008.01.19"]
[Round "5.3"]
[White "Lecouteux, Guilhem"]
[Black "Marie, Maxime"]
[Result "0-1"]
[WhiteElo "2034"]
[BlackElo "2239"]
[PlyCount "74"]
[EventDate "2007.10.21"]
[EventType "team"]
[EventRounds "11"]
[EventCountry "FRA"]
[SourceTitle "EXT 2009"]
[Source "ChessBase"]
[SourceDate "2008.11.26"]
[SourceVersion "1"]
[SourceVersionDate "2008.11.26"]
[SourceQuality "1"]
[WhiteTeam "Rennes Paul Bert"]
[BlackTeam "Lisieux"]
[WhiteTeamCountry "FRA"]
[BlackTeamCountry "FRA"]

1. d4 Nf6 2. c4 e6 3. Nf3 Bb4+ 4. Bd2 a5 5. a3 Bxd2+ 6. Nbxd2 d6 7. e3 a4 8. Bd3 0-0 9. 0-0 Re8 10. Bc2 Bd7 11. Ne4 Nxe4 12. Bxe4 Bc6 13. d5 exd5 14. Bxd5 Bxd5 15. cxd5 Nd7 16. Nd2 Qg5 17. e4 Nc5 18. Rc1 b6 19. Rc3 Qf6 20. Qc2 Re5 21. Kh1 Rae8 22. f3 Rh5 23. Qd1 Qf4 24. h3 Ree5 25. Nc4 Reg5 26. Ne3 Rg3 27. Qe2 Rgxh3+ 28. gxh3 Rxh3+ 29. Kg1 Qh4 30. Ng4 Rg3+ 31. Kf2 Rxg4+ 32. Ke3 Qg5+ 33. Kd4 Qe5+ 34. Ke3 Nxe4 35. Kd3 Nc5+ 36. Kd2 Rd4+ 37. Ke1 Nd3+ 0-1

[Event "Bretagne-ch U18 op"]
[Site "Sarzeau"]
[Date "2006.02.21"]
[Round "1"]
[White "Lecouteux, Guilhem"]
[Black "Stephan, Arthur"]
[Result "1-0"]
[WhiteElo "2054"]
[BlackElo "1750"]
[PlyCount "79"]
[EventDate "2006.02.21"]
[EventType "swiss"]
[EventRounds "6"]
[EventCountry "FRA"]
[SourceTitle "EXT 2007"]
[Source "ChessBase"]
[SourceDate "2006.11.23"]
[SourceVersion "1"]
[SourceVersionDate "2006.11.23"]
[SourceQuality "1"]

1. d4 d6 2. Nf3 Nf6 3. c4 g6 4. Nc3 Bg7 5. e4 0-0 6. Bg5 c5 7. d5 Qa5 8. Qd2 Bg4 9. Be2 Qb4 10. h3 Bxf3 11. gxf3 Nbd7 12. Nd1 Qxd2+ 13. Kxd2 Nb6 14. Ne3 e6 15. Rab1 Nfd7 16. Be7 Rfe8 17. Bxd6 Na4 18. Kc2 Be5 19. Bxe5 Nxe5 20. f4 Nd7 21. e5 f6 22. dxe6 Rxe6 23. Bg4 f5 24. Bf3 Rb8 25. Bd5 Kf7 26. h4 Nab6 27. Bxe6+ Kxe6 28. b3 Ra8 29. Rbd1 a5 30. Nd5 Nxd5 31. cxd5+ Ke7 32. Rhg1 a4 33. h5 Nf8 34. Kb2 axb3 35. axb3 Rc8 36. Rc1 b6 37. Ra1 c4 38. Ra7+ Ke8 39. hxg6 Nxg6 40. Rxh7 1-0

[Event "FRA-ch U16"]
[Site "Calvi"]
[Date "2005.04.20"]
[Round "5"]
[White "Lecouteux, Guilhem"]
[Black "Blake, Cyprien"]
[Result "0-1"]
[WhiteElo "1910"]
[BlackElo "2060"]
[PlyCount "30"]
[EventDate "2005.04.??"]
[EventType "swiss"]
[EventRounds "9"]
[EventCountry "FRA"]
[SourceTitle "EXT 2006"]
[Source "ChessBase"]
[SourceDate "2005.11.24"]
[SourceVersion "1"]
[SourceVersionDate "2005.11.24"]
[SourceQuality "1"]

1. d4 Nf6 2. c4 d6 3. Nc3 g6 4. e4 Bg7 5. f4 0-0 6. Nf3 c5 7. d5 a6 8. Be2 b5 9. e5 dxe5 10. fxe5 Ng4 11. Bf4 Nd7 12. cxb5 Ngxe5 13. bxa6 Qb6 14. Qb3 Qa7 15. 0-0 c4+ 0-1

[Event "FRA-chT3 0405"]
[Site "France"]
[Date "2005.02.06"]
[Round "6"]
[White "Lecouteux, Guilhem"]
[Black "Pierre, Yves David"]
[Result "1-0"]
[WhiteElo "1910"]
[BlackElo "1610"]
[PlyCount "43"]
[EventDate "2004.10.10"]
[EventType "team"]
[EventRounds "9"]
[EventCountry "FRA"]
[SourceTitle "EXT 2007"]
[Source "ChessBase"]
[SourceDate "2006.11.23"]
[SourceVersion "1"]
[SourceVersionDate "2006.11.23"]
[SourceQuality "1"]

1. d4 e6 2. c4 f5 3. e4 fxe4 4. Nc3 Nf6 5. Bg5 Be7 6. Qc2 d5 7. f3 exf3 8. Nxf3 Nbd7 9. c5 c6 10. Bd3 0-0 11. Qe2 Kh8 12. h4 b6 13. b4 bxc5 14. bxc5 Re8 15. Bf4 Qa5 16. Rc1 Bf8 17. Ne5 Nxe5 18. Bxe5 Qd8 19. 0-0 Bd7 20. Rxf6 gxf6 21. Qh5 Qe7 22. Bxf6+ 1-0

[Event "FRA-chT3 0405"]
[Site "France"]
[Date "2004.11.06"]
[Round "2"]
[White "Rolland, Aurelien"]
[Black "Lecouteux, Guilhem"]
[Result "0-1"]
[WhiteElo "1680"]
[BlackElo "1940"]
[PlyCount "53"]
[EventDate "2004.10.10"]
[EventType "team"]
[EventRounds "9"]
[EventCountry "FRA"]
[SourceTitle "EXT 2007"]
[Source "ChessBase"]
[SourceDate "2006.11.23"]
[SourceVersion "1"]
[SourceVersionDate "2006.11.23"]
[SourceQuality "1"]

1. e4 c5 2. Nc3 Nc6 3. f4 d6 4. Nf3 g6 5. Bb5 Bg7 6. Bxc6+ bxc6 7. d3 e6 8. 0-0 Ne7 9. Qe1 h6 10. g4 Ba6 11. f5 Qd7 12. Nh4 Bd4+ 13. Kh1 gxf5 14. exf5 0-0-0 15. fxe6 fxe6 16. Rf7 Rdf8 17. Rxf8+ Rxf8 18. Be3 e5 19. h3 h5 20. Bxd4 cxd4 21. Ne4 hxg4 22. hxg4 Qxg4 23. Qg3 Qxg3 24. Nxg3 Rh8 25. Ne4 Rxh4+ 26. Kg2 Nf5 27. Rf1 0-1

[Event "FRA-chT4 0203"]
[Site "Bretagne"]
[Date "2003.01.19"]
[Round "4"]
[White "Lecouteux, Guilhem"]
[Black "Hydouin, Jean"]
[Result "0-1"]
[WhiteElo "1750"]
[BlackElo "1950"]
[PlyCount "150"]
[EventDate "2002.10.??"]
[EventType "team"]
[EventRounds "7"]
[EventCountry "FRA"]
[SourceTitle "EXT 2007"]
[Source "ChessBase"]
[SourceDate "2006.11.23"]
[SourceVersion "1"]
[SourceVersionDate "2006.11.23"]
[SourceQuality "1"]

1. d4 Nf6 2. c4 e6 3. Nc3 Bb4 4. e3 b6 5. Bd3 Bb7 6. f3 c5 7. Nge2 cxd4 8. Nxd4 Nc6 9. Nde2 Ne5 10. 0-0 Nxd3 11. Qxd3 Bc5 12. a3 a5 13. Na4 Qc7 14. Nxc5 Qxc5 15. Nc3 Ba6 16. b3 d5 17. Na4 Qc6 18. Qd4 dxc4 19. Qxb6 Qxb6 20. Nxb6 Rb8 21. Nxc4 a4 22. Nd6+ Ke7 23. Rd1 Rhd8 24. bxa4 Rxd6 25. Rxd6 Kxd6 26. Bd2 Nd5 27. e4 Rb2 28. Ba5 Ne3 29. Bb4+ Kd7 30. g3 Rg2+ 31. Kh1 Rf2 32. f4 Rf1+ 33. Rxf1 Nxf1 34. Kg2 Ne3+ 35. Kf3 Nc2 36. Bf8 g6 37. Kg4 Ke8 38. Bc5 f6 39. f5 Be2+ 40. Kh3 gxf5 41. exf5 e5 42. Kg2 Bg4 43. a5 Bxf5 44. a6 Be4+ 45. Kf2 Kd7 46. Ke2 Ke6 47. Bb6 f5 48. Bc7 Nxa3 49. a7 Nb5 50. Bb8 Bc6 51. Ke3 Nc3 52. Kd3 Nd5 53. Ke2 e4 54. Kd2 Kf6 55. h3 Kg5 56. Be5 h5 57. Ke2 f4 58. gxf4+ Nxf4+ 59. Kf2 Nxh3+ 60. Kg3 Ng1 61. Bf4+ Kf5 62. Be3 Nf3 63. Kh3 Ne5 64. Kh4 Kg6 65. Kg3 Ng4 66. Bd2 e3 67. Be1 Kg5 68. Bb4 h4+ 69. Kh3 Nf2+ 70. Kh2 Ne4 71. Be7+ Kg4 72. Kg1 e2 73. Bxh4 Kxh4 74. Kh2 e1Q 75. a8Q Qg3+ 0-1